[Event "ITA-ch U20"]
[Site "Tarvisio"]
[Date "2023.07.06"]
[Round "6"]
[White "Rubinshtein, Kamilla"]
[Black "Cassi, Elisa"]
[Result "1-0"]
[WhiteElo "1745"]
[BlackElo "2104"]
[PlyCount "133"]
[EventDate "2023.07.02"]
[EventType "swiss"]
[EventRounds "9"]
[EventCountry "ITA"]
[SourceTitle "EXT 2024"]
[Source "ChessBase"]
[SourceDate "2023.10.10"]
[SourceVersion "1"]
[SourceVersionDate "2023.10.10"]
[SourceQuality "1"]

1. e4 c6 2. d4 d5 3. f3 dxe4 4. fxe4 e5 5. Nf3 Bg4 6. Bc4 Nd7 7. 0-0 f6 8. c3 Qb6 9. Kh1 0-0-0 10. Nbd2 c5 11. Bxg8 Rxg8 12. d5 f5 13. Qa4 fxe4 14. Nxe4 Nf6 15. Nxe5 Be2 16. Re1 Rxd5 17. Rxe2 Qa6 18. Qc2 Rxe5 19. Bf4 Re8 20. Rae1 Rd8 21. Ng5 Bd6 22. Qf5+ Kb8 23. Nf7 Bxf4 24. Qxf4+ Ka8 25. Nxd8 Rxd8 26. Rd2 Qb6 27. Rxd8+ Qxd8 28. Qe5 a6 29. h3 Qd2 30. Re2 Qc1+ 31. Kh2 Qh6 32. Qf5 Kb8 33. Rf2 Qh4 34. Qf4+ Qxf4+ 35. Rxf4 Kc7 36. g4 Kd6 37. Kg3 b5 38. Kf3 h6 39. h4 Ke6 40. Rf5 h5 41. Rxh5 Nxh5 42. gxh5 Kf5 43. Kg3 c4 44. Kf3 a5 45. a3 a4 46. Kg3 Ke4 47. Kg4 Kd3 48. Kg5 Kc2 49. Kg6 Kxb2 50. Kxg7 Kxa3 51. h6 Kb2 52. h7 a3 53. h8Q a2 54. Qb8 a1Q 55. Qxb5+ Kc2 56. Qxc4 Qa7+ 57. Kf6 Qb6+ 58. Ke5 Qb8+ 59. Ke4 Qe8+ 60. Kf3 Qf8+ 61. Ke3 Qh6+ 62. Qf4 Qb6+ 63. Kf3 Qa5 64. Qe4+ Kd2 65. Qd4+ Kc2 66. c4 Qa8+ 67. Qe4+ 1-0

[Event "Forni di Sopra op 14th"]
[Site "Forni di Sopra"]
[Date "2023.06.16"]
[Round "8"]
[White "Laneve, Giulio"]
[Black "Cassi, Elisa"]
[Result "1-0"]
[WhiteElo "1909"]
[BlackElo "2178"]
[PlyCount "55"]
[EventDate "2023.06.10"]
[EventType "swiss"]
[EventRounds "9"]
[EventCountry "ITA"]
[SourceTitle "CBM 214 Extra"]
[Source "ChessBase"]
[SourceDate "2023.07.31"]
[SourceVersion "1"]
[SourceVersionDate "2023.07.31"]
[SourceQuality "1"]

1. e4 c6 2. d4 d5 3. e5 c5 4. dxc5 Nc6 5. Nf3 Bg4 6. Be2 e6 7. Nbd2 Bxc5 8. a3 a5 9. 0-0 Nge7 10. b3 Qc7 11. Bb2 0-0 12. Bd3 Bd4 13. Bxh7+ Kh8 14. Bxd4 Nxd4 15. Bd3 Ng6 16. Re1 Kg8 17. Rc1 Rac8 18. c4 Nxe5 19. Rxe5 Bxf3 20. Qe1 f6 21. Rxe6 Be2 22. Rxe2 Nxe2+ 23. Qxe2 Rfe8 24. Qh5 Rcd8 25. Bg6 Re5 26. Qh7+ Kf8 27. Qh8+ Ke7 28. Qxg7+ 1-0

[Event "Titled Tuesday intern op 13th Jun Late"]
[Site "Chess.com INT"]
[Date "2023.06.13"]
[Round "7"]
[White "Cassi, Elisa"]
[Black "Hernando Rodrigo, Julio Antonio"]
[Result "1-0"]
[WhiteElo "2178"]
[BlackElo "2240"]
[PlyCount "87"]
[EventDate "2023.06.13"]
[EventType "swiss (blitz)"]
[EventRounds "11"]
[EventCountry "USA"]
[SourceTitle "EXT 2024"]
[Source "ChessBase"]
[SourceDate "2023.10.10"]
[SourceVersion "1"]
[SourceVersionDate "2023.10.10"]
[SourceQuality "1"]

1. d4 Nf6 2. Bf4 g6 3. Nc3 Bg7 4. e4 d6 5. Nf3 c6 6. Kd2 0-0 7. Qe2 b5 8. Rd1 b4 9. Nb1 Ba6 10. Qe1 e5 11. Bg5 Qa5 12. Kc1 Bxf1 13. Rxf1 Na6 14. a3 Rab8 15. dxe5 dxe5 16. Rd6 Rfd8 17. Rxf6 bxa3 18. Nxa3 Qb6 19. Qc3 Nb4 20. Kb1 Qa6 21. Re1 h6 22. Rxg6 hxg5 23. Rxg5 f6 24. Rg3 Qe2 25. Qxb4 Rd1+ 26. Ka2 Rxe1 27. Qxb8+ Kf7 28. Nxe1 Bf8 29. Qc7+ Be7 30. Rg7+ Kxg7 31. Qxe7+ Kg6 32. Nf3 Qxf2 33. h4 Qxg2 34. h5+ Kxh5 35. Qh7+ Kg4 36. Ne1 Qd2 37. Qg6+ Kh3 38. Qxf6 Qxe1 39. Qxe5 Kg2 40. Qe6 Qd2 41. Qxc6 Kg1 42. Qc4 a5 43. Nb5 Kh1 44. Qd4 1-0

[Event "Titled Tuesday intern op 30th May Late"]
[Site "Chess.com INT"]
[Date "2023.05.30"]
[Round "1"]
[White "Mustafayev, Farid Farman Oglu"]
[Black "Cassi, Elisa"]
[Result "1-0"]
[WhiteElo "2316"]
[BlackElo "2146"]
[PlyCount "69"]
[EventDate "2023.05.30"]
[EventType "swiss (blitz)"]
[EventRounds "11"]
[EventCountry "USA"]
[SourceTitle "CBM 214 Extra"]
[Source "ChessBase"]
[SourceDate "2023.07.31"]
[SourceVersion "1"]
[SourceVersionDate "2023.07.31"]
[SourceQuality "1"]

1. Nf3 d5 2. g3 Nf6 3. Bg2 c5 4. 0-0 Nc6 5. d4 cxd4 6. Nxd4 g6 7. c4 e5 8. Nxc6 bxc6 9. cxd5 cxd5 10. Nc3 Bb7 11. Bg5 Be7 12. Bxf6 Bxf6 13. Bxd5 Bxd5 14. Qxd5 0-0 15. Ne4 Rb8 16. Rfd1 Kg7 17. b3 Qxd5 18. Rxd5 Rfd8 19. Rad1 Be7 20. R1d3 f5 21. Rxe5 fxe4 22. Rxe7+ Kf6 23. Rxd8 Rxd8 24. Rxe4 Rd2 25. a4 Rb2 26. b4 Kf5 27. f3 Ra2 28. b5 h5 29. h4 Kf6 30. Kf2 Kf5 31. Rc4 Ra3 32. Rc5+ Ke6 33. Rc6+ Kf5 34. Ra6 Ke5 35. Rxa7 1-0

[Event "Titled Tuesday intern op 25th Apr Early"]
[Site "Chess.com INT"]
[Date "2023.04.25"]
[Round "4"]
[White "Cassi, Elisa"]
[Black "Jovic, Stanoje"]
[Result "0-1"]
[WhiteElo "2165"]
[BlackElo "2087"]
[PlyCount "50"]
[EventDate "2023.04.25"]
[EventType "swiss (blitz)"]
[EventRounds "11"]
[EventCountry "USA"]
[SourceTitle "EXT 2024"]
[Source "ChessBase"]
[SourceDate "2023.10.10"]
[SourceVersion "1"]
[SourceVersionDate "2023.10.10"]
[SourceQuality "1"]

1. c4 e5 2. Nc3 Nf6 3. e4 Bc5 4. d3 Nc6 5. Be3 Bd4 6. Nf3 d6 7. Be2 a6 8. 0-0 0-0 9. Bg5 h6 10. Bxf6 Qxf6 11. Nd5 Qd8 12. Rb1 Be6 13. Ne3 g6 14. b4 b5 15. a4 Rb8 16. cxb5 axb5 17. Qc2 Ne7 18. a5 c5 19. Nxd4 exd4 20. Ng4 cxb4 21. Nxh6+ Kg7 22. Qd2 Qxa5 23. Bg4 Rh8 24. Bxe6 Rxh6 25. Bb3 Rc8 0-1